Mortal Kombat X Character Types - Statistics

General Stats
  • This quiz has been taken 65 times
  • The average score is 40 of 100
Answer Stats
Character Variations % Correct
Triborg Cyrax (LK-4D4)
78%
Triborg Smoke (LK-7T2)
78%
Triborg Sektor (LK-9T9)
74%
Triborg Cyber Sub-Zero (LK-520)
63%
Scorpion Hellfire
63%
Scorpion Inferno
63%
Johnny Cage A-List
59%
Sub-Zero Grandmaster
59%
Scorpion Ninjutsu
59%
Sub-Zero Cryomancer
56%
Tremor Crystalline
56%
Erron Black Gunslinger
56%
Cassie Cage Hollywood
56%
Ermac Master of Souls
56%
Kotal Kahn Sun God
56%
Jason Voorhees Unstoppable
56%
Kotal Kahn Blood God
52%
Kenshi Possessed
52%
Leatherface Pretty Lady
52%
Kotal Kahn War God
52%
Jax Wrestler
52%
Alien Acidic
48%
Kano Cutthroat
48%
Liu Kang Flame Fist
48%
Reptile Nimble
48%
Jason Voorhees Relentless
48%
Kung Jin Shaolin
48%
Takeda Takahashi Shirai Ryu
48%
Alien Tarkatan
48%
Tremor Aftershock
44%
Kenshi Balanced
44%
Shinnok Bone Shaper
44%
Bo Rai Cho Drunken Master
44%
Erron Black Marksman
44%
Takeda Takahashi Ronin
44%
Jason Voorhees Slasher
44%
Cassie Cage Spec Ops
44%
Johnny Cage Stunt Double
44%
Kung Lao Buzz Saw
41%
Sonya Blade Demolition
41%
Liu Kang Dragon's Fire
41%
Kung Lao Hat Trick
41%
Ferra/Torr Lackey
41%
Raiden Master of Storms
41%
Shinnok Necromancer
41%
Jacqui Briggs Shotgun
41%
Raiden Thunder God
41%
Sub-Zero Unbreakable
41%
Kitana Assassin
37%
Kung Jin Bojutsu
37%
Cassie Cage Brawler
37%
Leatherface Butcher
37%
Kano Commando
37%
Kano Cybernetic
37%
Predator Hunter
37%
Tremor Metallic
37%
Reptile Noxious
37%
Erron Black Outlaw
37%
Mileena Ravenous
37%
Quan Chi Sorcerer
37%
Quan Chi Summoner
37%
Quan Chi Warlock
37%
D'Vorah Brood Mother
33%
Raiden Displacer
33%
Liu Kang Dualist
33%
Johnny Cage Fisticuffs
33%
Jacqui Briggs Full Auto
33%
Shinnok Impostor
33%
Tanya Kobu Jutsu
33%
Kitana Mournful
33%
Ermac Mystic
33%
Mileena Piercing
33%
Ferra/Torr Ruthless
33%
Sonya Blade Special Forces
33%
Ermac Spectral
33%
Kung Lao Tempest
33%
Goro Tigrar Fury
33%
D'Vorah Venomous
33%
Ferra/Torr Vicious
33%
Predator Warrior
33%
Bo Rai Cho Bartitsu
30%
Mileena Ethereal
30%
Predator Hish-Qu-Ten
30%
Kenshi Kenjutsu
30%
Leatherface Killer
30%
Takeda Takahashi Lasher
30%
Tanya Pyromancer
30%
Kitana Royal Storm
30%
Kung Jin Ancestral
26%
Goro Kuatan Warrior
26%
Jax Pumped Up
26%
D'Vorah Swarm Queen
26%
Sonya Blade Covert Ops
22%
Reptile Deceptive
22%
Jax Heavy Weapons
22%
Jacqui Briggs High Tech
22%
Alien Konjurer
22%
Goro Dragon Fangs
19%
Bo Rai Cho Dragon's Breath
19%
Tanya Dragon Nagiata
4%
No matching quizzes found
Score Distribution
Percent of People with Each Score
Percentile by Number Answered
Your Score History
You have not taken this quiz